| 000 | 00500nam a2200193Ia 4500 | ||
|---|---|---|---|
| 008 | 170918s9999 xx 000 0 und d | ||
| 020 | _a671722972 | ||
| 050 | _bS527wi 1998 | ||
| 100 | _aShakespeare, William | ||
| 245 | 4 | _aThe winter's tale / | |
| 245 | _cby William Shakespeare. | ||
| 260 | _aNew York : | ||
| 260 | _bWashington Square Press, | ||
| 260 | _c1998 | ||
| 300 | _a292 pages : | ||
| 300 | _billustrations ; | ||
| 300 | _c17cm. | ||
| 300 | _eThe new Folger library Shakespeare. | ||
| 999 |
_c343495 _d343495 |
||